| 000 | 01014nam a2200217 4500 | ||
|---|---|---|---|
| 003 | CO-ViMGA | ||
| 020 | _a9789583044090 | ||
| 040 |
_aCO-ViMGA _bspa _cCO-ViMGA |
||
| 082 | 0 | 4 |
_aI 741.5 _bL554L |
| 100 | 1 |
_aLemke, Donald _9598 |
|
| 245 | 1 | 0 |
_aLagartos luchadores : _b¡una lucha camaleónica! / _cescrito por Donald Lemke ; ilustrado por Chris "Elio" Eliopoulos ; traducción del inglés Jorge E. Salgar Restrepo |
| 260 |
_aBogota : _bPanamericana Editorial, _c2015 |
||
| 300 |
_a37 p. : _bil. ; dibujos ; color |
||
| 500 | _aIncluye datos biográficos de los autores | ||
| 520 | _a¡Bienvenidos a Villalucha! Es la pequeña ciudad de los lagartos luchadores. Hoy tendremos, como siempre, una feroz batalla en la que descubrirás espectaculares datos acerca de los más temibles lagartos del mundo... tomado de https://bit.ly/2sgIqN1 | ||
| 534 | _pLucha lizards | ||
| 650 | 1 | 4 |
_aNovela gráfica _9556 |
| 650 | 1 | 4 |
_aTiras cómicas, historietas, etc. _9557 |
| 700 | 1 |
_aEliopoulos, Chris _9599 |
|
| 942 |
_2ddc _cBK |
||
| 999 |
_c37260 _d37260 |
||